000 00744nam a22002417a 4500
003 CHAP
005 20220329135522.0
008 971013s r 00010 d
010 _a37943
011 _a38915
035 _a43035
040 _cCHAP
090 _aR-477
100 0 0 _aMiller, Julian H.
_975784
245 _aXylatiaceae in Chardon, C.e. and R.A. Toro "Mycological Explorations of Venezuela"
500 _aSobretiro de: Monographs of the University of Puerto Rico. Ser. B. No. 2: 195-220, 1934
590 _aBATCH-UPD
_b10
_c20130110
_lUCH01
_h2134
590 _aCONVERSION
_b10
_c20130109
_lUCH01
_h1321
650 1 4 _aXylariaceae.
_9122917
901 _aBK
942 _cREIMP
949 _aR-477
_bBC
_cR
_d-98861
_eTS1
_i43035
_si
999 _c37943
_d37943